000 01191nam a2200301 i 4500
001 17724
003 ES-MaACL
005 20230906151643.0
007 t|
008 010509s1944 sp |||| | spa d
080 _a338(460)"1900/1940"
100 1 _aParís Eguilaz, Higinio.
_989148
245 1 3 _aLa expansión de la economía española /
_cpor Higinio Paris Eguilaz.
260 _aMadrid :
_bInstituto de Economía "Sancho de Moncada",
_c1944.
300 _a318 p. ;
_c25 cm.
490 1 _aSerie B, Estadística económica ;
_v2
500 _aPrecede al tít.: Consejo Superior de Investigaciones Científicas.
651 4 _aEspaña-
_xSituación económica-
_y1902-1931.
_9158843
651 4 _aEspaña-
_xSituación económica-
_y1931-1939.
_9165058
651 4 _aEspaña-
_xSituación económica-
_y1939-1955.
_9167677
710 2 _aConsejo Superior de Investigaciones Científicas (España)
_93236
710 2 _aInstituto de Economía "Sancho de Moncada"
_94867
830 1 _aSerie B, Estadística económica ;
_v2
_9180335
852 _aES-MaACL
_jAND-11
_z- Biblioteca Juan Andrade
852 _aES-MaACL
_jF-15957
852 _aES-MaACL
_jE-2331
999 _c17724
_d17724